Electromagnetic fields and waves / (Record no. 478389)

000 -LEADER
fixed length control field 01017cam a2200289 i 4500
001 - CONTROL NUMBER
control field 393522
003 - CONTROL NUMBER IDENTIFIER
control field NUST
005 - DATE AND TIME OF LATEST TRANSACTION
control field 20180528040427.0
008 - FIXED-LENGTH DATA ELEMENTS--GENERAL INFORMATION
fixed length control field 800612r19791971nyua b 001 0 eng
010 ## - LIBRARY OF CONGRESS CONTROL NUMBER
LC control number 79052648
020 ## - INTERNATIONAL STANDARD BOOK NUMBER
International Standard Book Number 0486638340 :
Terms of availability $7.95
038 ## - RECORD CONTENT LICENSOR
Staff Name SNS Library
040 ## - CATALOGING SOURCE
Original cataloging agency DLC
Transcribing agency DLC
Modifying agency DLC
050 00 - LIBRARY OF CONGRESS CALL NUMBER
Classification number QC665.E4
Item number R64 1979
082 00 - DEWEY DECIMAL CLASSIFICATION NUMBER
Classification number 537
100 1# - MAIN ENTRY--PERSONAL NAME
Personal name Rojansky, Vladimir Borisovich,
Dates associated with a name 1900-
9 (RLIN) 10531
245 10 - TITLE STATEMENT
Title Electromagnetic fields and waves /
Statement of responsibility, etc. by Vladimir Rojansky.
260 ## - PUBLICATION, DISTRIBUTION, ETC.
Place of publication, distribution, etc. New York :
Name of publisher, distributor, etc. Dover Publications,
Date of publication, distribution, etc. 1979.
300 ## - PHYSICAL DESCRIPTION
Extent xvi, 464 p. :
Other physical details ill. ;
Dimensions 21 cm.
500 ## - GENERAL NOTE
General note Reprint of the 1971 ed. published by Prentice-Hall, Englewood Cliffs, N.J.
504 ## - BIBLIOGRAPHY, ETC. NOTE
Bibliography, etc. note Includes bibliographical references and index.
650 #0 - SUBJECT ADDED ENTRY--TOPICAL TERM
Topical term or geographic name entry element Electromagnetic fields.
9 (RLIN) 10532
650 #0 - SUBJECT ADDED ENTRY--TOPICAL TERM
Topical term or geographic name entry element Electromagnetic waves.
9 (RLIN) 10533
856 42 - ELECTRONIC LOCATION AND ACCESS
Materials specified Publisher description
Uniform Resource Identifier <a href="http://www.loc.gov/catdir/description/dover032/79052648.html">http://www.loc.gov/catdir/description/dover032/79052648.html</a>
906 ## - LOCAL DATA ELEMENT F, LDF (RLIN)
a 7
b cbc
c orignew
d 2
e ocip
f 19
g y-gencatlg
942 ## - ADDED ENTRY ELEMENTS (KOHA)
Source of classification or shelving scheme
Koha item type Book
Holdings
Withdrawn status Lost status Source of classification or shelving scheme Damaged status Not for loan Permanent Location Current Location Date acquired Total Checkouts Full call number Barcode Date last seen Date last checked out Price effective from Koha item type
          School of Natural Sciences (SNS) School of Natural Sciences (SNS) 05/28/2018 1 537 SNS0002306 01/15/2025 11/20/2024 05/28/2018 Book
© 2023 Central Library, National University of Sciences and Technology. All Rights Reserved.